Popular Acrylic Paint Brands - Statistics

General Stats
  • This quiz has been taken 2 times
  • The average score is 7 of 38
Answer Stats
Answer % Correct
Blick
100%
Apple Barrel
50%
Atelier
50%
Da Vinci
50%
Golden
50%
Holbein
50%
Lefranc Bourgeois
50%
Liquitex
50%
Matisse
50%
Old Holland
50%
Schminke
50%
Winsor & Newton
50%
American Journey
0%
Amsterdam
0%
Arteza
0%
Artist's Loft
0%
Camel Camlin
0%
Crayola
0%
Cryla
0%
Daler Rowney
0%
Daniel Smith
0%
DecoArt
0%
Derwent
0%
Dr Ph Martins
0%
FolkArt
0%
Gamblin
0%
Grumbacher
0%
Jo Sonja's
0%
Lascaux
0%
Marie's
0%
M Graham
0%
Mont Marte
0%
Pebeo
0%
Reeves
0%
Rosa Art
0%
Sennelier
0%
Utrecht
0%
White Nights
0%
No matching quizzes found
Score Distribution
Percent of People with Each Score
Percentile by Number Answered
Your Score History
You have not taken this quiz